Religious Woman: Contemporary Reflection on Eastern texts (Record no. 10841)

MARC details
000 -LEADER
fixed length control field 00442nam a2200157 a 4500
082 00 - DEWEY DECIMAL CLASSIFICATION NUMBER
Classification number 291.178344
Author Cutter CAR
100 ## - MAIN ENTRY--AUTHOR NAME
Author name Carmody, Denise Lardner
245 ## - TITLE STATEMENT
Title Religious Woman: Contemporary Reflection on Eastern texts
260 ## - PUBLICATION, DISTRIBUTION, ETC. (IMPRINT)
Place of publication New York
Name of publisher Cross Road Publications
Year of publication 1991
300 ## - PHYSICAL DESCRIPTION
Number of Pages 143p
500 ## - GENERAL NOTE
General note includes index and biblioraphy
505 2# - FORMATTED CONTENTS NOTE
Formatted contents note Index
650 ## - SUBJECT ADDED ENTRY--TOPICAL TERM
Topical Term Women and Religion
942 ## - ADDED ENTRY ELEMENTS (KOHA)
Koha item type Books
700 1# -
-- Carmody, Denise Lardner
Holdings
Collection code Home library Current library Date acquired Cost, normal purchase price Full call number Accession Number Koha item type
  Henry Martyn Institute Library Henry Martyn Institute Library 07/18/2007 230.00 291.178344 CAR 017671 Books
                   Copyright © 2026 | Henry Martyn Institute | Hyderabad | TS-500052 | INDIA | Implemented by hmi.edu.in
Hit-Count:

Powered by Koha